Prečo Boris ochorel?

Bibliographic Details
Main Author: Fabry, Rudolf, 1915-1982 (Author)
Other Authors: Struhár, Alojz, mladší (Illustrator)
Format: Book
Language:Slovak
PhysicalDescription:11 nečíslovaných strán 10 x 15 cm
Published: Bratislava Krátky film - Diafilm 1961
Subjects:

MARC

LEADER 00000nam a2200000 4500
001 vtls011746842
003 SK-MaSNL
005 20260301182947.0
008 200115s1961 xo 000 j slo
015 |a SNBA2018/02 
035 |a urn:nbn:sk:snk-am00cvhz 
035 |a urn:nbn:sk:snk-am3ho78 
035 |a 6E86A627-9E9B-49CF-9FAF-F647BB4D437C 
040 |a SNK  |b slo  |c SNK  |e rda 
041 0 |a slo 
044 |a xo  |c SK 
072 7 |a 82-93  |x Literatúra pre deti a mládež (beletria)  |2 konspekt 
080 |a 82-34  |2 2011 
080 |a 82-93-053.2  |2 2011 
080 |a (0.05)  |2 2011 
100 1 |a Fabry, Rudolf,  |d 1915-1982  |4 aut  |9 108094 
245 1 0 |a Prečo Boris ochorel?  |c napísal Rudolf Fábry ; kreslil Alojz Struhár ml. 
264 1 |a Bratislava  |b Krátky film - Diafilm  |c 1961 
300 |a 11 nečíslovaných strán  |c 10 x 15 cm 
336 |a text  |b txt  |2 rdacontent 
336 |a statický obraz  |b sti  |2 rdacontent 
337 |a bez média  |b n  |2 rdamedia 
338 |a zväzok  |b nc  |2 rdacarrier 
500 |a Pravdepodobne príloha k diafilmu 
500 |a Pre Slovenský ústav zdravotníckej osvety v Bratislave vyrobilKrátky film - Diafilm 
650 0 7 |a rozprávky  |2 SNKPH  |9 75941 
650 0 7 |a Fairy tales  |2 SNKPHeng  |9 341049 
655 7 |a publikácie pre deti  |2 SNKPH  |9 70148 
655 7 |a Children's literature  |2 SNKPHeng  |9 276039 
700 1 |a Struhár, Alojz,  |c mladší  |4 ill  |9 168531 
852 |a Slovenská národná knižnica v Martine  |b 10000  |h SE 3215 
958 |a LX 
958 |a DB 
999 |c 855352  |d 857282 
952 |a SNK  |b SNK  |y PREZ  |7 0  |p 17A0721541  |o snkSE 3215  |i snkKSP 6966/61  |0 0  |1 0  |4 0  |d 2018-03-19  |f 1  |l 0  |r 2026-02-24 04:54:46  |w 2026-02-24 
952 |a SNK  |b SNK  |y VYP  |7 0  |p 17A1190145  |o snkSE 3215 D1  |i snkKSP 6967/61  |0 0  |1 0  |4 0  |d 2018-06-12  |l 0  |r 2026-02-24 04:54:46  |w 2026-02-24